Frames of reference, art, history the world

Guardat en:
Dades bibliogràfiques
Format: Llibre
Publicat: 2003
Etiquetes: Afegir etiqueta
Sense etiquetes, Sigues el primer a etiquetar aquest registre!
Thư viện lưu trữ: Mạng thư viện Đại học Đà Nẵng
LEADER 00444nam a22001811a 4500
001 000037825
003 14120
005 20160412021148.0
008 160412s2003 000
082 |a 4A(07)1262 
245 |a Frames of reference, art, history the world  |c Janet 
260 |c 2003 
OWN |a LNN 
999 |a From the UDN01 
TYP |a Monograph 
980 |a Mạng thư viện Đại học Đà Nẵng